<?xml version="1.0" encoding="UTF-8"?><?xml-stylesheet type="text/xsl" href="static/style.xsl"?><OAI-PMH xmlns="http://www.openarchives.org/OAI/2.0/" xmlns:xsi="http://www.w3.org/2001/XMLSchema-instance" xsi:schemaLocation="http://www.openarchives.org/OAI/2.0/ http://www.openarchives.org/OAI/2.0/OAI-PMH.xsd"><responseDate>2026-05-17T01:15:43Z</responseDate><request verb="GetRecord" identifier="oai:repisalud.isciii.es:20.500.12105/10232" metadataPrefix="marc">https://repisalud.isciii.es/rest/oai/request</request><GetRecord><record><header><identifier>oai:repisalud.isciii.es:20.500.12105/10232</identifier><datestamp>2025-06-24T18:02:53Z</datestamp><setSpec>com_20.500.12105_2052</setSpec><setSpec>com_20.500.12105_2051</setSpec><setSpec>col_20.500.12105_19608</setSpec><setSpec>col_20.500.12105_19610</setSpec></header><metadata><record xmlns="http://www.loc.gov/MARC21/slim" xmlns:dcterms="http://purl.org/dc/terms/" xmlns:doc="http://www.lyncode.com/xoai" xmlns:xsi="http://www.w3.org/2001/XMLSchema-instance" xsi:schemaLocation="http://www.loc.gov/MARC21/slim http://www.loc.gov/standards/marcxml/schema/MARC21slim.xsd">
   <leader>00925njm 22002777a 4500</leader>
   <datafield ind2=" " ind1=" " tag="042">
      <subfield code="a">dc</subfield>
   </datafield>
   <datafield ind2=" " ind1=" " tag="720">
      <subfield code="a">Ramos, Juan Jose</subfield>
      <subfield code="e">author</subfield>
   </datafield>
   <datafield ind2=" " ind1=" " tag="720">
      <subfield code="a">Huetos, Olga</subfield>
      <subfield code="e">author</subfield>
   </datafield>
   <datafield ind2=" " ind1=" " tag="720">
      <subfield code="a">Gonzalez-Hernández, Sara</subfield>
      <subfield code="e">author</subfield>
   </datafield>
   <datafield ind2=" " ind1=" " tag="720">
      <subfield code="a">Esteban-Lopez, Marta</subfield>
      <subfield code="e">author</subfield>
   </datafield>
   <datafield ind2=" " ind1=" " tag="720">
      <subfield code="a">Calvo, Eva</subfield>
      <subfield code="e">author</subfield>
   </datafield>
   <datafield ind2=" " ind1=" " tag="720">
      <subfield code="a">Perez-Gomez, Beatriz</subfield>
      <subfield code="e">author</subfield>
   </datafield>
   <datafield ind2=" " ind1=" " tag="720">
      <subfield code="a">Castaño, Argelia</subfield>
      <subfield code="e">author</subfield>
   </datafield>
   <datafield ind2=" " ind1=" " tag="260">
      <subfield code="c">2017</subfield>
   </datafield>
   <datafield ind2=" " ind1=" " tag="520">
      <subfield code="a">Organochlorinated pesticides (OCPs) were measured in a representative sample of Spanish adults within the Bioambient.es project, a nationwide human biomonitoring program promoted by Spanish Ministry of Agriculture, Food and Environment. The objective of Bioambient.es is to establish reference levels of environmental pollutants in the general population. Participants were recruited in 2009-2010 during their annual medical examination at work. Serum levels of thirteen OCPs were investigated: Aldrin, endrin, dieldrin, heptachlor, heptachlor-epoxide, dichlorodiphenyldichloroethylenes (DDEs), hexachlorobenzene (HCB), dichlorodiphenyltrichloroethanes (DDTs) and hexachlorocyclohexanes (HCHs) The highest concentrations were observed for DDE, HCB and β-HCH. The 95th percentile, in ng/g lipids, were: 717.7 for 4,4-DDE, 160.4 for HCB and 107.2 for β-HCH, while concentrations of aldrin, endrin, heptachlor, α-HCH, 2,4-DDT, 4,4-DDT and 2,4-DDE were markedly lower and detected in less than 10% of the samples. Significant differences (p&lt;0.05) were found for DDE and HCB and seasonality, gender and age. Analyzing the geographical distribution, participants from the north of Spain had highest levels of HCB while those from the center of Spain had highest levels of 4,4-DDE. Comparing to earlier studies, the results indicated a sharp decline in the OCP concentrations in the Spanish population over time, and today values are in the same range or lower than those reported in similar studies worldwide, except for HCHs and HCB that presented higher levels than in other European countries and much higher than those observed in US and Canada. This study represents the first nationwide survey of exposure to OCPs in Spain and provides a background reference range for exposure to OCPs in the Spanish adult occupied population. These results will allow establishing reference values, observing temporal trends and identifying high exposure groups.</subfield>
   </datafield>
   <datafield ind1="8" ind2=" " tag="024">
      <subfield code="a">Int J Hyg Environ Health. 2017 Mar;220(2 Pt A):217-226.</subfield>
   </datafield>
   <datafield ind1="8" ind2=" " tag="024">
      <subfield code="a">10.1016/j.ijheh.2016.10.005</subfield>
   </datafield>
   <datafield ind1="8" ind2=" " tag="024">
      <subfield code="a">1618-131X</subfield>
   </datafield>
   <datafield ind1="8" ind2=" " tag="024">
      <subfield code="a">1438-4639</subfield>
   </datafield>
   <datafield ind1="8" ind2=" " tag="024">
      <subfield code="a">International journal of hygiene and environmental health</subfield>
   </datafield>
   <datafield ind1="8" ind2=" " tag="024">
      <subfield code="a">28277312</subfield>
   </datafield>
   <datafield ind1="8" ind2=" " tag="024">
      <subfield code="a">http://hdl.handle.net/20.500.12105/10232</subfield>
   </datafield>
   <datafield tag="653" ind2=" " ind1=" ">
      <subfield code="a">Biomarkers</subfield>
   </datafield>
   <datafield tag="653" ind2=" " ind1=" ">
      <subfield code="a">Blood serum</subfield>
   </datafield>
   <datafield tag="653" ind2=" " ind1=" ">
      <subfield code="a">DDE</subfield>
   </datafield>
   <datafield tag="653" ind2=" " ind1=" ">
      <subfield code="a">DDT</subfield>
   </datafield>
   <datafield tag="653" ind2=" " ind1=" ">
      <subfield code="a">Human biomonitoring</subfield>
   </datafield>
   <datafield tag="653" ind2=" " ind1=" ">
      <subfield code="a">Organochlorinated pesticides</subfield>
   </datafield>
   <datafield tag="653" ind2=" " ind1=" ">
      <subfield code="a">Spain</subfield>
   </datafield>
   <datafield tag="653" ind2=" " ind1=" ">
      <subfield code="a">β-HCH</subfield>
   </datafield>
   <datafield ind2="0" ind1="0" tag="245">
      <subfield code="a">Organochlorinated pesticides levels in a representative sample of the Spanish adult population: The Bioambient.es project</subfield>
   </datafield>
</record></metadata></record></GetRecord></OAI-PMH>